Quizzes
Events
Quiz Creation
Community
Videos
Private Events
Remove Ads
Sign In
Join for FREE
Feedback
Dark Mode
Quiz Categories
Sports
Geography
Music
Movies
Television
Just For Fun
Miscellaneous
History
Literature
Language
Science
Gaming
Entertainment
Religion
Holiday
For Kids
Quiz Lab
Recent
Popular Today
Quiz Kudos Today
Editor Picks
Curator Picks
Quizzes by...
Day
Popularity
Type
Ratings
Length
Year
Community
Subscriptions
Recent Discussions
Orange Saloon
Badges
Playlists
Quests
Create
Leaderboards
Showdown
Live 5
Trivia Bingo
Activity
Puzzle Library
Sporcle Events
Private Events
Virtual Trivia
Globe League
Become a Host
Pub Owners
SporcleCon
Opinionation
Our Games
Videos
Blog
Mobile Apps
Partnerships
Remove Ads and Go Orange
Feedback
Entertainment
Celebrity
Famous
Musical
Broadway
Show
Quote
Comic Books
Anime
Superhero
DC Comics
Marvel
Cartoons
Animation
Entertainment
Celebrity
Famous
Musical
Broadway
Show
Quote
Comic Books
Anime
Superhero
DC Comics
Marvel
Cartoons
Animation
Random Quiz
Search Sporcle
×
Quiz Lab
Quiz Lab
Entertainment
Rap
Type in answers that appear in a list
Type in answers that appear in a list
Classic
Best Score? Go Orange.
Epic Rap Battles of History 10-13 People Stats
Can you name the Epic Rap Battles of History People 10-13?
By
Momo101
10m
12 Questions
32 Plays
32 Plays
32 Plays
Comments
Comments
Give Quiz Kudos
Give Quiz Kudos
-
- Ratings
hide this ad
Replay
Link that replays current quiz
Next Quiz
Link to next quiz in quiz playlist
You Got
0%
They Got
Avg Score
52%
Avg Friend Score
Upgrade to see
Score Distribution
Jump to the score distribution portion of the page
Score
0/12
Timer
10:00
0
Plays Today
Battle
Person
% Correct
Battle #10
Ben Franklin
71.9%
Battle #13
Mr.T
65.6%
Battle #13
Mr.Rogers
65.6%
Battle #12
William Shakespeare
53.1%
Battle #12
Doctor Seuss
53.1%
Battle #12
Cat in the Hat
53.1%
Battle #12
Thing 1
53.1%
Battle #12
Thing 2
53.1%
Battle #11
Gandalf
50%
Battle #11
Dumbledore
50%
Battle #10
The Shamwow Guy
37.5%
Battle #10
Billy Mayes
28.1%
Quiz Playlist
Details
Report
Send in Message
Add To Playlist
Classic:
Type in answers that appear in a list
Last Updated: Feb 16, 2017
Quiz Scoreboard
CHALLENGE
Sign Up to Join the Scoreboard
Show All
Scores
Hide
Comments
May contain spoilers
Recently Published
Decade Duel: World Leaders
by jenniferyan
History
4m
Alphabetical 'K' Countries by Flag Minefield
by ylime102
Geography
3m
Pick 6: Fruits
by JohnFran
Miscellaneous
15s
More to Explore
Quiz From the Vault
Featured Blog Post
15 Basketball Trivia Facts You Can Be March Mad About
hide this ad
You Might Also Like...
Tags
Rap Quiz
Rap Artists
Rap Crew
Rap Group
rapid
Today's Top Quizzes in Entertainment
Browse Entertainment
hide this ad
Today's Top Quizzes in Rap
Browse Rap
Top Contributed Quizzes in Entertainment
1
Eurovision 2023 Logic Puzzle
2
Titans/Young Justice Logic Puzzle (Read Note)
3
The Joker Actors by Order
4
Decade Duel: Actor
5
Spider-Man Actors by Order
6
Decade Duel: Actress
7
JoJo's Bizarre Logic Quiz
8
Click the Fictional John
9
Click the Fictional Bruce
10
Picture Click Blitz: Snow White
Explore More
Trending Topics
Harry Potter
Kpop
Disney
Crossword
NBA
Anime
Marvel
WWE
Pokémon
Country
Song
Soccer
Puzzle
The Office
NFL
hide this ad
More By:
Momo101
Quiz
Plays
Rating
Category
Featured
Created
State Capitals
8,657
3.00
Geography
Sep 12, 2012
Adventure Time Theme Song Lyrics
8,278
3.30
Television
Sep 23, 2011
Regular Show Trivia Quiz
3,880
3.67
Television
Jan 7, 2012
Regular Show Quotes
1,058
2.50
Television
Sep 19, 2011
Adventure Time Theme Song Lyrics-Fionna and Cake Version
414
2.00
Television
Dec 8, 2011
Go to Creator's Profile
Score Distribution
Quiz Creator Spotlight
Momo101
Follow
Send a Message
Quizzes Created
-
Created Quiz Play Count
-
More By This Creator
Popular Quizzes Today
1
Countries of Asia Without Outlines Minefield
2
Find the US States - No Outlines Minefield
3
Pick 6: Fruits
4
Alphabetical 'K' Countries by Flag Minefield
5
The Countries of the World
6
Find the Countries of Europe - No Outlines Minefield
7
Find the US States
8
US States
More Entertainment Quizzes
Fictional Musicians by Instrument
Editor's Pick
Trending Quizzes
Pick 6: Mountains
Pick 6: Harry Potter
Pick 6: Flags
Pick 6: NFL Teams
Pick 6: Movie Franchises
Recently Updated
Adaptations: Name the Title
pecheneg
NWSL Teams
pecheneg
Women's Final Four Teams by Year
bhenderson79
Presidents Quartet II
eogle
Anything But Clue(do)
eogle
Anything But Oceanian Capitals
eogle
Anything But 7
eogle
Anything But Thing
eogle
Word Ladder: February 29
pecheneg
Song Title Questions
pecheneg
Trending Topics
Disney
Anime
Marvel
Crossword
NBA
Kpop
Harry Potter
Song
Pokémon
WWE
Soccer
NFL
Country
Puzzle
The Office
Your Account Isn't Verified!
In order to create a playlist on Sporcle, you need to verify the email address you used during registration. Go to your
Sporcle Settings
to finish the process.
Report this User
Report this user for behavior that violates our
Community Guidelines
.
Details:
Send Report
Go to the Sporcle.com Mobile Site →
Comments